Most Populous Pacific Ocean Islands - Statistics

General Stats
  • This quiz has been taken 261 times
  • The average score is 11 of 16
Answer Stats
Population Country Island % Correct
104,000,000 Japan Honshu
94%
3,922,000 New Zealand North Island
92%
5,281,297 Japan Hokkaido
91%
14,800,000 Indonesia/Papua New Guinea New Guinea
91%
23,798,816 Taiwan Taiwan
88%
23,053,723 Indonesia/Malaysia/Brunei Borneo
85%
64,260,312 Philippines Luzon
85%
12,646,104 Japan Kyushu
79%
27,021,036 Philippines Mindanao
76%
19,896,951 Indonesia Sulawesi
71%
10,081,232 China Hainan
68%
3,815,000 Japan Shikoku
62%
4,311,040 Philippines Cebu
52%
5,882,440 Singapore Singapore
44%
4,656,945 Philippines Negros
37%
4,542,926 Philippines Panay
24%
No matching quizzes found
Score Distribution
Percent of People with Each Score
Percentile by Number Answered
Your Score History
You have not taken this quiz